000 00669nam a2200289Ia 4500
005 20260324125019.0
008 008 260324s9999 xx 000 0 eng d
020 _a9780203873922
037 _aEBOOK
040 _aCRL
040 _beng
040 _cCRL
041 _2eng
041 _aeng
084 _qCRL
100 _aCaroline Cupitt
_91176365
245 0 _aReaching Out
245 4 _bThe Psychology of Assertive Outreach
260 _bTaylor and Francis
260 _c2009
365 _a
365 _b195
856 _uhttp://www.taylorfrancis.com/books/9780203873922
942 _cEBOOK
999 _c1771255
_d1771255